Statistics for Smaller Cities That You May Know

Click here to take the quiz!

General Stats

  • This quiz has been taken 24,479 times
  • The average score is 11 of 20

Answer Stats

PopulationHintAnswer% Correct
91,104"Watch out below" said Galileo has he dropped objects from this
city's leaning tower
Pisa
86%
73,868City on the Riviera with a famous film festivalCannes
84%
25,358The modern city was founded in 1891, nearly 2 millennia after the
ancient city was buried in a volcanic eruption
Pompei
84%
30,174Napoleon lost his final battle near this town in 1815Waterloo
82%
34,003Almost, but not quite, the southernmost point on the Iberian PeninsulaGibraltar
77%
25,266Melchior, Caspar, and Balthazar came to this town bearing
gifts in the year 1 A.D.
Bethlehem
76%
94,192A type of humorous poem gets its name from this city
on the river Shannon
Limerick
73%
35,259There's a statue of King Leonidas in this town once known
for its disciplined warriors
Sparta
72%
8,706While the metropolitan boroughs have a population of several million,
the city itself has just 8,706
London
71%
54,453Saharan trading post that had a Golden Age around 1500 A.D.Timbuktu
58%
26,534To see Uluru, tourists commonly fly into this city near the
geographic center of Australia
Alice Springs
49%
28,034It's not a tool used to smash flowers, it's the host of the
1994 Winter Olympics
Lillehammer
48%
37,074Capital of Trinidad and TobagoPort of Spain
45%
7,847Town that lies inside Canada's first national parkBanff
43%
96,405Pilgrims walk here to see the shrine of St. James{Santiago}
de Compostela
42%
100,000City in Goa named for a Portuguese explorerVasco da Gama
42%
69,849Namesake of a type of oliveKalamata
37%
81,111City on the tip of the Baja California peninsulaCabo San Lucas
27%
15,650City named in honor of Queen Victoria that people visit on
their way to Milford Sound
Queenstown
20%
11,226As I was going here, I met a man with seven wives ...St Ives
20%

Score Distribution

Percentile by Number Answered

Percent of People with Each Score

Your Score History

You have not taken this quiz